Levantamiento del velo corporativo latinoamericano: aspectos comparados con el derecho estadounidense

Saved in:
Bibliografiske detaljer
Hovedforfatter: Figueroa Hernández, Dante Rogelio (Author)
Format: Bog
Sprog:spansk
Udgivet: Santiago El Jurista 2012
Udgivelse:1a. ed
Fag:
Tags: Tilføj Tag
Ingen Tags, Vær først til at tagge denne postø!

MARC

LEADER 00000cam a2200000 a 4500
001 UCF0109
003 CL-VaPUC
008 120427e20120000CL |||||||||||||||||spa|d
020 |a 9789568839260 
082 0 4 |a 346.066  |b FIG  |2 21 
100 0 |a Figueroa Hernández, Dante Rogelio  |e author  |9 561935 
245 1 0 |a Levantamiento del velo corporativo latinoamericano: aspectos comparados con el derecho estadounidense 
250 |a 1a. ed 
300 |a 161 p 
942 |c BK 
945 |d 20120427 00:00:00  |a dcastane 
260 |a Santiago  |b El Jurista  |c 2012 
650 0 |a Derecho comparado  |9 255664 
650 0 |a Corporaciones  |9 257298 
650 0 |a Gobiernos corporativos  |9 556476 
583 |a last modification  |c 20120904 05:43:45  |k Rodrigo Vera 
999 |c 347590  |d 347588 
952 |0 0  |1 0  |4 0  |6 346_066000000000000_FIG_2012  |7 0  |8 A  |9 449034  |a BIBDER  |b BIBDER  |d 2019-11-22  |i 4851773  |o 346.066 FIG 2012  |p 4851773  |r 2023-01-25  |w 2019-11-22  |y BK  |k DER